Zákon o odbornom vzdelávaní a príprave z pohľadu dane z príjmov

Úloha odborného školstva. Neoddeliteľná zložka odborného vzdelávania. Príjmy žiakov a ich zdanenie.

Salvato in:
Dettagli Bibliografici
Autore principale: Valterová, Ivana
Natura: Capitolo di libro
Lingua:slovacco
Soggetti:
Tags: Aggiungi Tag
Nessun Tag, puoi essere il primo ad aggiungerne!!

MARC

LEADER 00000naa a2200000 4500
001 0204283
005 20231120130728.5
041 0 |a slo 
044 |a SK 
245 1 0 |a Zákon o odbornom vzdelávaní a príprave z pohľadu dane z príjmov  |c Ivana Valterová 
520 |a Úloha odborného školstva. Neoddeliteľná zložka odborného vzdelávania. Príjmy žiakov a ich zdanenie. 
610 2 0 |a dane z príjmov 
610 2 0 |a vzdelávanie 
610 2 0 |a školy odborné 
610 2 0 |a školy stredné 
610 2 0 |a školy stredné odborné 
610 2 0 |a zákony 
610 2 0 |a Slovensko 
100 1 |a Valterová, Ivana